ბათუმის შოთა რუსთაველის სახელმწიფო უნივერსიტეტის ბიბლიოთეკა

ზღვა (ბიბ.ჩანაწერი № 51336)

000 -LEADER
fixed length control field 00696nam a2200241Ia 4500
001 - CONTROL NUMBER
control field 18305
003 - CONTROL NUMBER IDENTIFIER
control field GE_BSU
008 - FIXED-LENGTH DATA ELEMENTS--GENERAL INFORMATION
fixed length control field 181216s||||||||xx |||||||||||||| ||und||
020 ## - INTERNATIONAL STANDARD BOOK NUMBER
International Standard Book Number 9789941114267
040 ## - CATALOGING SOURCE
Transcribing agency GE_BSU
080 ## - UNIVERSAL DECIMAL CLASSIFICATION NUMBER
Universal Decimal Classification number 821.111(417)-31
100 ## - MAIN ENTRY--PERSONAL NAME
Personal name ბენვილი,ჯონ
245 ## - TITLE STATEMENT
Title ზღვა
245 ## - TITLE STATEMENT
Remainder of title რომანი
245 ## - TITLE STATEMENT
Statement of responsibility, etc. რედ.ი.ტაველიძე.,მთარგმნ. ზ. ჭილაძე., გ. ჭუმბურიძე
260 ## - PUBLICATION, DISTRIBUTION, ETC.
Place of publication, distribution, etc. თბილისი
260 ## - PUBLICATION, DISTRIBUTION, ETC.
Name of publisher, distributor, etc. დიოგენე
260 ## - PUBLICATION, DISTRIBUTION, ETC.
Date of publication, distribution, etc. 2013
300 ## - PHYSICAL DESCRIPTION
Extent 225გვ.20სმ.
653 ## - INDEX TERM--UNCONTROLLED
Uncontrolled term ზღვა
653 ## - INDEX TERM--UNCONTROLLED
Uncontrolled term რომანი
942 ## - ADDED ENTRY ELEMENTS (KOHA)
Koha item type წიგნი
ეგზემპლარები
Withdrawn status Lost status Damaged status Not for loan Date acquired Barcode Date last seen Price effective from Koha item type
        2018-12-17 46713-7ლ.90თ. 2018-12-17 2018-12-17 წიგნი
        2018-12-17 54269-7ლ.30თ. 2018-12-17 2018-12-17 წიგნი